| 000 | 01304nam a22002297a 4500 | ||
|---|---|---|---|
| 003 | OSt | ||
| 005 | 20240930090306.0 | ||
| 008 | 240930b |||a|||| |||| 00| 0 eng d | ||
| 020 | _a9789585210288 | ||
| 037 | _bDonación | ||
| 040 |
_aCO-JMCR _bspa _cCO-JMCR _dCO-JMCR _erda |
||
| 041 | 0 | _aspa | |
| 082 | 0 | 4 |
_223 _a918.6 _bP94e |
| 100 |
_995179 _aPérez Arbeláez, Enrique |
||
| 245 | 1 | 0 |
_aHilea magdalenesa : _bProspección Económica del Valle Tropical del Río Magdalena / _cEnrique Pérez Arbeláez |
| 260 |
_aBogotá D.C. : _bSociedad Geográfica de Colombia, _c2019. |
||
| 300 |
_a352 páginas: _bilustraciones; _c28.5 cm. |
||
| 504 | _aIncluye referencias Bibliográficas | ||
| 505 | _a1 El conjunto del río-vía y su evolución 2 El conjunto de la hoya Magdalenesa y su evolución 3 El objeto presente estudio 4 Devaluación y revaluación de tierras 5 El agua y factores relacionados en la Hilera Magdalenesa 6 Minerales y petróleos 7 Los bosques 8 La producción agrícola 9 Ganadería 10 La pesca 11 La caza 12 El hombre Magdalenés 13 El comercio 14 La inmigración 15 La conferencia del Magdalena 16 El instituto científico de la Hilea Magdalenesa 17 Los grandes ríos de la civilización 18 Conclusión idealista | ||
| 710 |
_986457 _aSociedad Geográfica de Colombia |
||
| 942 |
_2ddc _cBK |
||
| 999 |
_c30838 _d17222 |
||